5HLuxD.jpg

KING HENRY VIII SENIOR AND PRIMARY SCHOOL LIBRARY OPAC

Writing and Speaking Skills / (Record no. 5148)

000 -LEADER
fixed length control field 02467nam a22002177a 4500
003 - CONTROL NUMBER IDENTIFIER
control field OSt
005 - DATE AND TIME OF LATEST TRANSACTION
control field 20250715080506.0
008 - FIXED-LENGTH DATA ELEMENTS--GENERAL INFORMATION
fixed length control field 250715b ||||| |||| 00| 0 eng d
020 ## - INTERNATIONAL STANDARD BOOK NUMBER
International Standard Book Number 9789620443664
040 ## - CATALOGING SOURCE
Transcribing agency KH8
082 ## - DEWEY DECIMAL CLASSIFICATION NUMBER
Classification number 495.1 FEN
100 ## - MAIN ENTRY--PERSONAL NAME
Personal name Fung, Vivienne,
Relator term author.
245 ## - TITLE STATEMENT
Title Writing and Speaking Skills /
Statement of responsibility, etc. Vivienne Fung and Eileen Qe.
260 ## - PUBLICATION, DISTRIBUTION, ETC.
Place of publication, distribution, etc. Hong Kong ;
Name of publisher, distributor, etc. Joint Publishing ,
Date of publication, distribution, etc. 2018.
300 ## - PHYSICAL DESCRIPTION
Extent 240 pages :
Other physical details illustrations ;
Dimensions 24 cm.
520 ## - SUMMARY, ETC.
Summary, etc. The book is divided into three chapters:<br/><br/>Chapter 1 briefly introduces the Chinese as a second language (0523) course to help students know about the exam requirements for the new 2018 syllabus which has the first exam in 2020. This chapter also includes the basic text formats, language points, conjunction words and question words to help students well prepare for their writing and speaking exams.<br/><br/>Chapter 2 aims to improve writing skills on short essays with instruction bullet points and long argumentative essays based on the four themes. Apart from the model well-written essays, the book also includes suggestions on how to respond to the questions. The purpose is to let students know what kind of essays can meet the writing requirements of the course syllabus. For helping students know about the typical mistakes that appear in the essays and how to avoid<br/><br/>the similar mistakes in their own writing, the book includes some examples of essays with typical mistakes and marking scheme. At the end of each theme, there are “question bank” and “the most frequently used words on the theme”. Students can practice writing according to the questions. “Practice makes perfect”. More practice will make students’ writing skills improve.<br/><br/>Chapter 3 focuses on the oral exam. This chapter is also based on the four themes specified in the course outline. For students to have a clearer understanding of the oral exam mode, the book gives a full transcript sample of the oral exam including part 1 “presentation”, part 2 “follow-up questions and answers” and part 3 “general questions and answers”. Apart from this, the book also has plenty of model transcript texts on different themes as well as a “question list” so that students can well prepare for their oral exam.
650 ## - SUBJECT ADDED ENTRY--TOPICAL TERM
Topical term or geographic name entry element Mandarin language
Form subdivision Writing skills and practice
650 ## - SUBJECT ADDED ENTRY--TOPICAL TERM
Topical term or geographic name entry element Mandarin language
Form subdivision Speaking skills and practice
700 ## - ADDED ENTRY--PERSONAL NAME
Personal name Qi, Eileen,
Relator term author.
942 ## - ADDED ENTRY ELEMENTS (KOHA)
Source of classification or shelving scheme
Koha item type Teaching Resources
Holdings
Withdrawn status Lost status Source of classification or shelving scheme Damaged status Not for loan Collection code Permanent Location Current Location Shelving location Date acquired Full call number Barcode Date last seen Price effective from Koha item type
          Teaching Resources KH8 Senior School Library KH8 Senior School Library Staff Office 2025-07-15 495.1 FEN TRKHSL000371 2025-07-15 2025-07-15 Teaching Resources

Powered By KH8 IT Dept